Catalog

Record Details

Catalog Search



Getting to know you. Cover Image Book Book

Getting to know you.

Disney princess (Author).

Summary:

When the Beast rescues Belle from a fierce pack of wolves, Belle realizes that the Beast may have a gentle side. She decides to get to know him better. Together, they read an exciting story about dragons! Then, they take a romantic walk together. But the Beast isn't always very polite. Will Belle and the Beast be able to see the good in one another?

Record details

  • ISBN: 9781484716878
  • ISBN: 1484716876
  • Physical Description: 1 volume (unpaged) color illustrations 20 cm.
  • Edition: First edition.
  • Publisher: Glendale, California : Disney Press, [2014]

Content descriptions

General Note:
Published by Disney Press, an imprint of Disney Book Group.
Subject: Beauty and the beast (Motion picture : 1991) > Juvenile fiction.
Princesses > Juvenile fiction.
Princesses > Romans, nouvelles, etc. pour la jeunesse.
Beauty and the beast (Motion picture : 1991)
Princesses.
Genre: Fiction.
Juvenile works.

Available copies

  • 1 of 1 copy available at scottsboropl.

Holds

  • 0 current holds with 1 total copy.
Show Only Available Copies
Location Call Number / Copy Notes Barcode Shelving Location Status Due Date
scottsboropl JF Dis 32269001115545 Juvenile - Fiction Available -

LDR 01530cam a2200397 i 4500
001163103
003SBPL
00520240422105648.0
008160302s2014 caua j 000 1 eng d
020 . ‡a9781484716878 ‡q(hc.)
020 . ‡a1484716876
035 . ‡a(OCoLC)1303716602
08204. ‡a[E] ‡223
1000 . ‡aDisney princess
24500. ‡aGetting to know you.
250 . ‡aFirst edition.
264 1. ‡aGlendale, California : ‡bDisney Press, ‡c[2014]
300 . ‡a1 volume (unpaged) ‡bcolor illustrations ‡c20 cm.
336 . ‡atext ‡btxt ‡2rdacontent
337 . ‡aunmediated ‡bn ‡2rdamedia
338 . ‡avolume ‡bnc ‡2rdacarrier
380 . ‡aFiction ‡2marcgt
4901 . ‡aDisney princess
500 . ‡aPublished by Disney Press, an imprint of Disney Book Group.
520 . ‡aWhen the Beast rescues Belle from a fierce pack of wolves, Belle realizes that the Beast may have a gentle side. She decides to get to know him better. Together, they read an exciting story about dragons! Then, they take a romantic walk together. But the Beast isn't always very polite. Will Belle and the Beast be able to see the good in one another?
63000. ‡aBeauty and the beast (Motion picture : 1991) ‡vJuvenile fiction.
650 0. ‡aPrincesses ‡vJuvenile fiction.
650 6. ‡aPrincesses ‡vRomans, nouvelles, etc. pour la jeunesse.
63007. ‡aBeauty and the beast (Motion picture : 1991) ‡2fast ‡0(OCoLC)fst01388827
650 7. ‡aPrincesses. ‡2fast ‡0(OCoLC)fst01076505
655 7. ‡aFiction. ‡2fast ‡0(OCoLC)fst01423787
655 7. ‡aJuvenile works. ‡2fast ‡0(OCoLC)fst01411637
830 0. ‡aDisney princess (Disney Press)
901 . ‡a163103 ‡bAUTOGEN ‡c163103 ‡tbiblio

Additional Resources